000 00780nam a22001937a 4500
999 _c274159
_d274159
008 201130b ||||| |||| 00| 0 eng d
040 _bger
_cDE-2950
_erda
_aDE-2950
041 _ager
100 _aGutke, Thomas:
245 _aDer neue Logistikpark wächst.
_bImmobilien: Ab dem Frühjahr 2022 soll der erste Bauabschnitt des Log Plaza an der A12 Platz für bis zu 600 Beschäftigte bieten. Doch das ist erst der Anfang /
_cThomas Gutke
264 _c2021
653 _aFrankfurt (Oder)
653 _aLogistikzentrum
773 _dFrankfurt (Oder): Märkisches Verlags- und Druckhaus GmbH & Co KG
_g32. Jahrgang (2021) Nr. 164 vom 17./18.07.2021, S.15. : Foto
_tMärkische Oderzeitung
942 _cA